Wymień warzywo, które hoduje się ze względu na smaczne liście. - Statystyki

Ogólne statystyki
  • Ten quiz został rozwiązany 32 razy
  • Średni wynik to 3 z 5
Statystyki odpowiedzi
Odpowiedź % Poprawnych
Kapusta
97%
Sałata
90%
Szpinak
50%
Pietruszka
30%
Koper
23%
Nie znaleziono quizów pasujących do podanych kryteriów
Rozkład punktacji
Procent ludzi z każdym wynikiem
Percentyl według liczby udzielonych odpowiedzi
Twoja historia wyników
Nie rozwiązałeś tego quizu